00728nam a2200241 a 4500001001300000003000900013005001700022008004100039020001000080082001300090100002700103245007400130260004100204300000900245500003500254505001000289650001700299700002700316902000800343942000700351952011300358999001500471nice12345678IN_TiNIC20260116012111.0050524s1957 lona grp 000 0 eng  ac10000a201bPHI aPhillips, Gordon Lewis aFlame in the Mindb an Introduction to Some Early Christian Writings. aLondonbLongmans, Green and Coc1957 a118p aincludes index and biblioraphy2 aIndex aChristianity1 aPhillips, Gordon Lewis bSRS cBK 001040708StackRoom-aHMIbHMId2007-06-12g100.00l0o201 PHIp08119r2007-06-12v100.00w2005-05-24yBK c5640d5640